000 00615nam a22002297a 4500
003 OSt
005 20180116183003.0
008 150803b xxu||||| |||| 00| 0 eng d
020 _a9788131505335
022 _a8131505332
040 _c0
050 _a658.84
082 _a658.84
100 _aSchneider,Gary P.
245 _aEcommerce.
_bStrategy,Technology and Implementation.
_cGary P.Schneider
260 _aAustralia
_bCourse Technology.Cengage Learning.
_c2007
300 _a455p.
500 _aPaper Cover
600 _aSchneider,Gary P.
700 _aSchneider,Gary P.
942 _2ddc
_cBK
_k658.84
999 _c349950
_d349950